Statistics for NFL Career Rushing Yards Leaders: Top 100

Click here to take the quiz!

General Stats

  • This quiz has been taken 52 times
    (42 since last reset)
  • The average score is 54 of 100

Answer Stats

TeamYardsPlayer% Correct
Cowboys18,355Emmitt Smith
100%
Browns12,312Jim Brown
97%
Vikings14,918Adrian Peterson
94%
Bills/Patriots6,881Antowain Smith
94%
Lions15,269Barry Sanders
94%
Vikings6,818Robert Smith
94%
Bears16,726Walter Payton
94%
Titans9,502Derrick Henry
91%
49ers16,000Frank Gore
88%
Chargers13,684LaDainian Tomlinson
88%
Bills6,086Travis Henry
88%
Seahawks10,413Marshawn Lynch
84%
Rams11,438Steven Jackson
84%
Cowboys8,904Ezekiel Elliott
81%
Redskins11,352John Riggins
81%
Jets10,591Thomas Jones
81%
Titans9,651Chris Johnson
78%
Panthers/49ers6,185Christian McCaffrey
78%
Colts12,246Edgerrin James
78%
Rams13,259Eric Dickerson
78%
Steelers6,803John Henry Johnson
78%
Chiefs6,223Larry Johnson
78%
Colts/Rams12,279Marshall Faulk
78%
Bills11,236O. J. Simpson
78%
Steelers13,662Jerome Bettis
75%
Raiders12,243Marcus Allen
75%
Seahawks9,453Shaun Alexander
75%
Vikings8,614Terry Allen
75%
Jets14,101Curtis Martin
72%
Oilers9,407Earl Campbell
72%
Steelers12,120Franco Harris
72%
Ravens10,607Jamal Lewis
72%
Giants12,074Thurman Thomas
69%
Giants10,449Tiki Barber
69%
Packers9,205Ahman Green
66%
Bengals11,241Corey Dillon
66%
Panthers8,096DeAngelo Williams
66%
Jaguars11,695Fred Taylor
66%
Eagles11,102LeSean McCoy
66%
Dolphins10,009Ricky Williams
66%
Cowboys12,739Tony Dorsett
66%
Packers8,597Jim Taylor
63%
Dolphins8,081Larry Csonka
63%
Bears9,796Matt Forte
63%
Browns6,511Nick Chubb
63%
Ravens6,180Ray Rice
63%
Redskins8,052Stephen Davis
63%
Broncos7,607Terrell Davis
63%
Texans6,527Arian Foster
59%
Titans10,441Eddie George
59%
Bears6,166Neal Anderson
59%
Cardinals10,273Ottis Anderson
59%
Chiefs8,172Priest Holmes
59%
Redskins9,923Clinton Portis
56%
Cowboys7,174DeMarco Murray
56%
Raiders6,552Latavius Murray
56%
Steelers6,554Le'Veon Bell
56%
Jaguars8,167Maurice Jones-Drew
56%
Bucs/Falcons10,967Warrick Dunn
56%
Panthers7,335Jonathan Stewart
53%
Rams6,082Todd Gurley
53%
Redskins6,173Alfred Morris
50%
Vikings6,207Dalvin Cook
50%
Chiefs7,563Jamaal Charles
50%
Saints8,111Mark Ingram
50%
Falcons7,338Michael Turner
50%
Falcons6,109Michael Vick
50%
49ers8,189Roger Craig
50%
49ers/Eagles10,643Ricky Watters
47%
Bengals6,412Joe Mixon
44%
49ers7,966Garrison Hearst
41%
Patriots6,306LeGarrette Blount
41%
Saints6,096Deuce McAllister
38%
Cowboys6,083Calvin Hill
34%
Cowboys8,225Herschel Walker
34%
Eagles6,335Brian Westbrook
31%
Eagles6,789Wilbert Montgomery
31%
Saints7,176George Rogers
28%
Falcons8,188Gerald Riggs
28%
Chargers6,543Melvin Gordon
28%
Bills/Ravens8,474Willis McGahee
28%
Bears/Bengals6,017Cedric Benson
22%
Seahawks6,844Curt Warner
22%
Redskins8,261Earnest Byner
19%
Jets8,074Freeman McNeil
19%
Broncos6,323Floyd Little
16%
Bengals7,962James Brooks
13%
49ers9,723Joe Perry
13%
Colts6,534Lydell Mitchell
13%
Seahawks7,696Chris Warren
9%
Browns7,274Leroy Kelly
9%
Browns7,378Mike Pruitt
9%
Giants6,897Rodney Hampton
9%
Rams/49ers6,378Wendell Tyler
9%
Eagles7,097Charlie Garner
6%
Chargers/Saints6,702Chuck Muncie
6%
Rams6,578Lawrence McCutcheon
6%
Cowboys6,217Don Perkins
3%
Raiders6,651Mark van Eeghen
3%
49ers6,105Ken Willard
0%

Score Distribution

Percentile by Number Answered

Percent of People with Each Score

Your Score History

You have not taken this quiz since the last reset